| 000 | 00881nam a22002297a 4500 | ||
|---|---|---|---|
| 005 | 20230522095402.0 | ||
| 008 | 230522b mx |||||||| |||| 00| 0 spa d | ||
| 020 | _a9682612160 | ||
| 050 | 0 | 4 |
_aT56 _bH52 2000 |
| 050 | 0 | 4 |
_aT56.4 _bH53 1999 |
| 100 | 1 | _aHicks, Philip E. | |
| 240 | 1 | 0 |
_aIndustrial engineering and management _lEspañol. |
| 245 | 1 | 0 |
_aIngeniería industrial y administración _b: una nueva perspectiva _c/ Philip E. Hicks ; traducción José Manuel Salazar Palacios ; revisión técnica José Pantoja Magaña. |
| 250 | _a2a ed. | ||
| 260 |
_aMéxico : _bCompañía Editorial Continental, _c1999. |
||
| 300 |
_axiv, 479 p. : _bil. ; _c25 cm. |
||
| 504 | _aIncluye bibliografia e indices. | ||
| 650 | 7 |
_2lemb _aIngenieria industrial |
|
| 700 | 1 |
_aSalazar Palacios, José Manuel, _etraductor |
|
| 700 | 1 |
_aPantoja Magaña, José, _erevisión |
|
| 942 |
_2lcc _cLIB |
||
| 999 |
_c3838 _d3838 |
||